[Event "9th Prague Festival Open A"]
[Site "Prague CZE"]
[Date "2013.06.23"]
[Round "1.16"]
[White "Al Kaabi,A"]
[Black "Misicko,J"]
[Result "1-0"]
[WhiteElo "1968"]
[BlackElo "2091"]

1.d4 Nf6 2.Nf3 e6 3.c4 Bb4+ 4.Bd2 Qe7 5.a3 Bxd2+ 6.Nbxd2 d5 7.Qc2 c6 8.e3 Nbd7
9.Be2 e5 10.dxe5 Nxe5 11.Nxe5 Qxe5 12.Nf3 Bf5 13.Nxe5 Bxc2 14.Rc1 Be4 15.f3 Bf5
16.cxd5 cxd5 17.Rc7 O-O 18.Rxb7 Rab8 19.Rxb8 Rxb8 20.Nc6 Rb7 21.Nd4 Bd7 22.b4 a5
23.b5 a4 24.Kd2 Ne8 25.Kc3 Kf8 26.Kb4 Ra7 27.Rc1 Ra8 28.Rc5 Nf6 29.Bd1 Ke7
30.Bxa4 Kd6 31.Rc1 Ne8 32.Bd1 Nc7 33.a4 Rb8 34.Ka3 Ra8 35.Be2 h6 36.Bd3 g6
37.Kb4 Rb8 38.Nc6 Ra8 39.e4 f6 40.a5 Na6+ 41.bxa6 Bxc6 42.Rxc6+  1-0

[Event "9th Prague Festival IM"]
[Site "Prague CZE"]
[Date "2013.06.24"]
[Round "3.2"]
[White "Kourousis,E"]
[Black "Rous,D"]
[Result "1-0"]
[WhiteElo "2391"]
[BlackElo "2034"]

1.d4 Nf6 2.c4 e6 3.Nf3 Bb4+ 4.Bd2 a5 5.g3 O-O 6.Bg2 d5 7.Qc2 Na6 8.O-O Bxd2
9.Nbxd2 Qe7 10.Qc3 Qb4 11.Rac1 b6 12.Ne5 Bb7 13.Qc2 Qd6 14.Rfd1 Rfd8 15.a3 Rac8
16.c5 Nxc5 17.Nec4 Qe7 18.dxc5 Qxc5 19.Ne5 Qf8 20.Nc6 Rd6 21.Na7 Ra8 22.Nb5 Rc6
23.Qb3 a4 24.Qb4 Rxc1 25.Qxf8+ Kxf8 26.Rxc1 c5 27.Nc4 Nd7 28.Ncd6 Bc6 29.e4 Ra5
30.Nc3 d4 31.Ne2 Ne5 32.Nxd4 cxd4 33.f4 Nd3 34.Rxc6 Nxb2 35.Rxb6 Nd1 36.e5 Rc5
37.Rb8+ Ke7 38.Rb7+ Kf8 39.Rxf7+ Kg8 40.Rd7  1-0

[Event "III Marcel Duchamp Boca Jun Op"]
[Site "Buenos Aires ARG"]
[Date "2013.06.25"]
[Round "5.44"]
[White "Ferreyra,Gustavo"]
[Black "Gomez Camacho,Lilen"]
[Result "1-0"]
[WhiteElo "1778"]
[BlackElo "1526"]

1.Nf3 Nf6 2.d4 e6 3.c4 Bb4+ 4.Bd2 c5 5.e3 Nc6 6.a3 Bxd2+ 7.Qxd2 d6 8.Nc3 O-O
9.Rd1 Qe7 10.d5 exd5 11.Nxd5 Nxd5 12.Qxd5 Rd8 13.Bd3 Qf6 14.Rd2 Ne7 15.Qh5 Bf5
16.Bxf5 Qxf5 17.Qxf5 Nxf5 18.Ke2 Rd7 19.Rhd1 Rad8 20.e4 Ne7 21.Ne5 Rc7 22.Rxd6 Rxd6
23.Rxd6 f6 24.Rd8+  1-0

[Event "III Marcel Duchamp Boca Jun Op"]
[Site "Buenos Aires ARG"]
[Date "2013.06.26"]
[Round "6.36"]
[White "Lopez,Di"]
[Black "Lidovsky,Sergio"]
[Result "1-0"]
[WhiteElo "2133"]
[BlackElo "1791"]

1.d4 Nf6 2.c4 e6 3.Nf3 Bb4+ 4.Bd2 Qe7 5.g3 O-O 6.Bg2 Bxd2+ 7.Nbxd2 d6 8.O-O a5
9.Qc2 Nc6 10.e4 e5 11.d5 Nb8 12.Ne1 Na6 13.Nd3 Bd7 14.h3 c6 15.dxc6 Bxc6
16.a3 Rfc8 17.b4 axb4 18.axb4 b5 19.Rfc1 Bb7 20.Qb3 bxc4 21.Rxc4 Nc7 22.Rxa8 Rxa8
23.b5 Ne6 24.Qb2 h5 25.Nb4 Nc5 26.Nd5 Bxd5 27.exd5 Nfd7 28.Ne4 Nb6 29.Rc2 Nxe4
30.Bxe4 Ra4 31.Rc6 Qa7 32.Qc2 Nd7 33.Rc8+ Nf8 34.Bh7+  1-0

[Event "TCh-MNE Prem 2013"]
[Site "Cetinje MNE"]
[Date "2013.06.26"]
[Round "3.1"]
[White "Arsovic,G"]
[Black "Georgiev,Ki"]
[Result "1-0"]
[WhiteElo "2438"]
[BlackElo "2636"]

1.d4 Nf6 2.Nf3 e6 3.c4 Bb4+ 4.Bd2 Qe7 5.g3 Nc6 6.Nc3 O-O 7.Bg2 Na5 8.b3 b6
9.O-O Bb7 10.Rc1 d5 11.cxd5 exd5 12.Bg5 h6 13.Bxf6 Qxf6 14.Ne5 Rad8 15.e3 c5
16.Qg4 Rfe8 17.Nd3 Ba3 18.Rcd1 cxd4 19.Qxd4 Qxd4 20.exd4 g5 21.f4 Kg7 22.fxg5 hxg5
23.Rf5 f6 24.Bxd5 Bc8 25.Rff1 Ba6 26.Rf3 Re7 27.Nf2 Red7 28.Be4 Rxd4 29.Rxd4 Rxd4
30.h4 Bc5 31.hxg5 fxg5 32.Rf5 Rd2 33.Rxg5+ Kf6 34.Rf5+ Ke6 35.Kg2 Nc6 36.Nd5 Ne7
37.Nc7+ Kd6 38.Nxa6 Nxf5 39.Nxc5 Nxg3 40.Nb7+  1-0

[Event "Malaysian Masters Men 2013"]
[Site "Kuala Lumpur MAS"]
[Date "2013.06.26"]
[Round "8.1"]
[White "Ng Tze Han"]
[Black "Mas,H"]
[Result "1/2-1/2"]
[WhiteElo "2298"]
[BlackElo "2347"]

1.d4 Nf6 2.Nf3 e6 3.c4 Bb4+ 4.Bd2 Qe7 5.g3 Nc6 6.Nc3 Bxc3 7.Bxc3 Ne4 8.Qc2 Nxc3
9.Qxc3 O-O 10.Bg2 d6 11.d5 Nb8 12.O-O e5 13.c5 Nd7 14.cxd6  1/2-1/2

[Event "7th Varna Open 2013"]
[Site "Varna BUL"]
[Date "2013.06.26"]
[Round "8.4"]
[White "Rusev,K"]
[Black "Sagar,S"]
[Result "1/2-1/2"]
[WhiteElo "2556"]
[BlackElo "2359"]

1.d4 Nf6 2.Nf3 e6 3.c4 Bb4+ 4.Bd2 Qe7 5.g3 Nc6 6.Nc3 O-O 7.Bg2 Na5 8.b3 b6
9.O-O Bb7 10.Qc2 d5 11.Ne5 c5 12.dxc5 Bxc5 13.Bg5 dxc4 14.Bxb7 Qxb7 15.Bxf6 gxf6
16.Ne4 fxe5 17.Nf6+ Kg7 18.Qxh7+ Kxf6 19.Qh4+  1/2-1/2

[Event "FIDE WGP Dilijan 2013"]
[Site "Dilijan ARM"]
[Date "2013.06.27"]
[Round "10.2"]
[White "Girya,O"]
[Black "Koneru,H"]
[Result "1/2-1/2"]
[WhiteElo "2436"]
[BlackElo "2597"]

1.d4 Nf6 2.Nf3 e6 3.c4 Bb4+ 4.Bd2 c5 5.Bxb4 cxb4 6.e3 b6 7.Nbd2 Bb7 8.Bd3 O-O
9.O-O d6 10.Qb3 a5 11.a3 Na6 12.Rad1 Qc7 13.Ng5 h6 14.Nge4 Nxe4 15.Bxe4 Bxe4
16.Nxe4 a4 17.Qa2 Rfc8 18.axb4 Qxc4 19.Qxc4 Rxc4 20.b5 Nc7 21.Nxd6 Rb4 22.Rc1 Nxb5
23.Nxb5 Rxb5 24.Rc2 Rb3 25.g4 Kf8 26.Rfc1 g5 27.Kg2 b5 28.Kf3 Kg7 29.Rd1 b4
30.Ke2 a3 31.bxa3 bxa3 32.Ra1 Kf6 33.Kd2 Ra6 34.Rc3 Rb2+ 35.Rc2 Rb7 36.Rc3 Rba7
37.Ra2 e5 38.dxe5+ Kxe5 39.Ke2 Ra4 40.Kf3 R7a6 41.Kg3 Kf6 42.f3 Kg6 43.Rd3 h5
44.gxh5+ Kxh5 45.h3 Kg6 46.e4 f5 47.exf5+ Kxf5 48.Rd5+ Kf6 49.Rd3 Ke5 50.Re2+ Kf5
51.Ra2 R6a5 52.Re3 Ra6 53.Rd3 R6a5 54.Re3 Ra6 55.Rd3 R6a5  1/2-1/2

[Event "Visma IMA 2013"]
[Site "Vaxjo SWE"]
[Date "2013.06.27"]
[Round "2.2"]
[White "Pettersson,Anders1"]
[Black "Carstensen,J"]
[Result "1/2-1/2"]
[WhiteElo "2279"]
[BlackElo "2377"]

1.d4 Nf6 2.c4 e6 3.Nf3 Bb4+ 4.Bd2 Qe7 5.g3 Nc6 6.Bg2 Bxd2+ 7.Nbxd2 d6 8.O-O e5
9.d5 Nb8 10.e4 a5 11.Ne1 O-O 12.Nd3 Na6 13.a3 Bd7 14.b4 c5 15.bxc5 Nxc5 16.Nxc5 dxc5
17.Rb1 Rab8 18.Rb6 Ne8 19.Qe2 Nd6 20.Rfb1 Ba4 21.Qe3 Qc7 22.Qc3 Rfe8 23.Qxa5 Ra8
24.Qc3 Bd7 25.R6b2 f6 26.Ra1 Ra4 27.Qb3 Ra6 28.a4 Rea8 29.Rba2 b6 30.Bf3 Qa7
31.Bd1 b5 32.cxb5 Nxb5 33.Rc1 Nd4 34.Qc4 Ra5 35.Nb3 Nxb3 36.Bxb3 Rb8 37.d6+ Kh8
38.Qf7 Rd8 39.Rd2 Qb6 40.Qe7 Ra7 41.Rxc5 Re8 42.Qxe8+ Bxe8 43.Rc8 h5 44.Rxe8+ Kh7
45.d7 Rxd7 46.Bg8+ Kh6 47.Rxd7 Qb1+ 48.Kg2 Qxe4+ 49.Kf1 Qb1+ 50.Ke2 Qe4+
51.Kd2 Qb4+ 52.Ke2 Qe4+  1/2-1/2

[Event "Visma IMB 2013"]
[Site "Vaxjo SWE"]
[Date "2013.06.27"]
[Round "3.2"]
[White "Lindgren,P"]
[Black "Akesson,J"]
[Result "0-1"]
[WhiteElo "2276"]
[BlackElo "2317"]

1.d4 e6 2.c4 Nf6 3.Nf3 Bb4+ 4.Bd2 Qe7 5.g3 Nc6 6.Nc3 Bxc3 7.Bxc3 Ne4 8.Qc2 Nxc3
9.Qxc3 Qb4 10.Qxb4 Nxb4 11.Kd2 b6 12.Bg2 Bb7 13.Rhc1 c5 14.d5 exd5 15.Nh4 g6
16.a3 Na6 17.cxd5 O-O 18.Ke1 f5 19.f4 d6 20.Rc2 Rfe8 21.Kf2 Re7 22.e3 Nc7
23.Rd2 Ne8 24.h3 Nf6 25.Bf3 Rae8 26.Re1 Bc8 27.Rd3 Kf7 28.Rc3 h6 29.g4 fxg4
30.hxg4 Bxg4 31.Bxg4 Nxg4+ 32.Kf3 Nf6 33.Rd3 Re4 34.Rg1 c4  0-1

[Event "3rd Big Slick GM"]
[Site "Purley ENG"]
[Date "2013.06.28"]
[Round "7"]
[White "Lalic,B"]
[Black "Arkell,K"]
[Result "1/2-1/2"]
[WhiteElo "2489"]
[BlackElo "2444"]

1.d4 e6 2.Nf3 Nf6 3.c4 Bb4+ 4.Bd2 Bxd2+ 5.Qxd2 d5 6.e3 O-O 7.Nc3 Nbd7 8.Rc1 c6
9.Bd3 b6 10.O-O Bb7 11.Rfd1 Qe7  1/2-1/2

[Event "Visma IMB 2013"]
[Site "Vaxjo SWE"]
[Date "2013.06.28"]
[Round "5.3"]
[White "Kockum,A"]
[Black "Akesson,J"]
[Result "1/2-1/2"]
[WhiteElo "2346"]
[BlackElo "2317"]

1.d4 Nf6 2.c4 e6 3.Nf3 Bb4+ 4.Bd2 Qe7 5.Nc3 O-O 6.g3 Bxc3 7.Bxc3 Ne4 8.Qc2 Nxc3
9.Qxc3 d6 10.Bg2 Nd7 11.h4 e5 12.h5 h6 13.O-O-O e4 14.Nd2 Nf6 15.Rh4 Bf5
16.Nf1 d5 17.Ne3 Be6 18.Kb1 c6 19.Bh3 b5 20.c5 a5 21.Qc1 Nh7 22.Bf5 Ng5 23.Rf4 Qd7
24.Rh1 Kh8 25.Rhh4 Rae8 26.Qd2 b4 27.Rh1 Kg8 28.Rh2 Kh8 29.Bxe6 Nxe6 30.Rfh4 f5
31.Ng2 Qe7 32.Nf4 Nxf4 33.Qxf4 Qg5 34.Rh1 Qxf4 35.Rxf4 Kh7 36.Kc2 a4 37.Kd2 Ra8
38.Ke3 a3 39.b3 Rf6 40.Rg1 Raf8 41.Rg2 R8f7 42.Rh4 Kg8 43.Rf4 Kf8 44.Rh4 Kg8
45.Rf4  1/2-1/2

[Event "IsBank TCh-TUR 2013"]
[Site "Denizli TUR"]
[Date "2013.06.29"]
[Round "1.4"]
[White "Markus,Rob"]
[Black "Isik,E"]
[Result "1-0"]
[WhiteElo "2611"]
[BlackElo "2215"]

1.d4 Nf6 2.c4 e6 3.Nf3 Bb4+ 4.Bd2 Bxd2+ 5.Qxd2 d5 6.g3 Nbd7 7.Bg2 c6 8.O-O O-O
9.Rc1 Ne4 10.Qf4 Qf6 11.Qe3 b5 12.cxb5 cxb5 13.Nbd2 Nxd2 14.Qxd2 a5 15.b3 Qd8
16.Qf4 Ra7 17.Rc2 Ba6 18.Rac1 b4 19.Bf1 Bb5 20.e3 Bxf1 21.Kxf1 Qf6 22.Rc7 Qxf4
23.gxf4 Rfa8 24.Rxa7 Rxa7 25.Rc8+ Nf8 26.Ne5 f6 27.Nc6 Ra6 28.Ke2 Kf7 29.Kd2 g5
30.fxg5 fxg5 31.Rc7+ Kg8 32.Ne5 Ra8 33.Ng4 Kh8 34.Nf6 a4 35.Rf7 axb3 36.axb3 Ra2+
37.Ke1 Ra8 38.Kf1 Rb8 39.Kg2 Rc8 40.Kg3 h5 41.h4 gxh4+ 42.Kxh4 Rc3 43.Kg5  1-0

[Event "4th ch-Vojvodina Int"]
[Site "Novi Sad SRB"]
[Date "2013.06.29"]
[Round "3.2"]
[White "Kumic,F"]
[Black "Nestorovic,De"]
[Result "0-1"]
[WhiteElo "2237"]
[BlackElo "2428"]

1.d4 Nf6 2.Nf3 e6 3.c4 Bb4+ 4.Bd2 a5 5.Nc3 b6 6.g3 Bb7 7.Bg2 O-O 8.O-O d6
9.Qc2 Nbd7 10.Rfe1 Bxc3 11.Bxc3 Be4 12.Qc1 c6 13.Qf4 Qb8 14.b3 b5 15.Bh3 bxc4
16.bxc4 Nb6 17.Nd2 d5 18.Qxb8 Rfxb8 19.cxd5 cxd5 20.Rac1 g5 21.Bf1 Na4 22.Ba1 Bg6
23.Rc6 g4 24.h3 h5 25.hxg4 hxg4 26.Bg2 Nb2 27.Rc3 Rb4 28.Rb3 Na4 29.a3 Rbb8
30.Rc1 Rc8 31.Bc3 Rc7  0-1

[Event "66th ch-RUS HL"]
[Site "Yekaterinburg RUS"]
[Date "2013.06.29"]
[Round "9.3"]
[White "Goganov,A"]
[Black "Tomashevsky,E"]
[Result "1/2-1/2"]
[WhiteElo "2562"]
[BlackElo "2709"]

1.d4 Nf6 2.c4 e6 3.Nf3 Bb4+ 4.Bd2 c5 5.Bxb4 cxb4 6.g3 O-O 7.Bg2 d6 8.O-O a5
9.Qd3 h6 10.e4 Na6 11.e5 dxe5 12.Nxe5 Qd6 13.Nd2 Rd8 14.Ndf3 Bd7 15.Qe3 Be8
16.Rad1 Nb8 17.h3 Qc7 18.Rfe1 Nbd7 19.Nxd7 Nxd7 20.d5 exd5 21.cxd5 Nf6 22.Nh4 Bd7
23.d6 Qb8 24.Qb6 Ra6 25.Qc7 Be6 26.Bf1 Rc6 27.Qxa5 Rcxd6 28.Rxd6 Qxd6 29.Nf5 b6
30.Nxd6 bxa5 31.Nc4 a4 32.Nb6 Bxa2 33.Nxa4 Rd2 34.Nc5 Bd5 35.b3 Rb2 36.Bg2 Bxb3
37.Nd3 Rd2 38.Nxb4 Rd4 39.Nc6 Rd1 40.Rxd1 Bxd1  1/2-1/2

[Event "TCh-MNE Prem 2013"]
[Site "Cetinje MNE"]
[Date "2013.06.30"]
[Round "7.2"]
[White "Indjic,A"]
[Black "Arsovic,Z"]
[Result "1/2-1/2"]
[WhiteElo "2536"]
[BlackElo "2433"]

1.d4 Nf6 2.c4 e6 3.Nf3 Bb4+ 4.Bd2 Qe7 5.g3 Bxd2+ 6.Nbxd2 d6 7.e4 e5 8.Bg2 O-O
9.O-O a5 10.Qc2 Nc6 11.d5 Nb8 12.b3 Na6 13.a3 Bd7 14.Ne1 c6 15.Nd3 cxd5 16.exd5 b5
17.Qc3 bxc4 18.Nxc4 Bb5 19.Nxa5 Bxd3 20.Nc6 Qb7 21.Qxd3 Nc5 22.Qc4 Qxb3 23.Nxe5 Rxa3
24.Qxb3 Rxb3 25.Nc4 Rd3 26.Nxd6 Nxd5 27.Ra5 Nf6 28.Nxf7 Rxf7 29.Rxc5 Rfd7
30.Bh3 R7d6 31.Rc7 h5 32.Bf5 Rd1 33.Bg6 Kf8 34.Rf7+ Kg8 35.Rxd1 Rxd1+ 36.Kg2 h4
37.Ra7 Kf8 38.gxh4 Rd7 39.Ra8+ Ke7 40.Kg3 Rd4 41.f3 Rd8 42.Rxd8 Kxd8 43.Kf4 Ke7
44.Kg5 Kf8 45.h5 Kg8 46.Bb1 Kh8 47.Ba2 Nd7 48.Be6 Ne5 49.Bd5 Nd7 50.f4 Nf6
51.Bc6 Ng8 52.Bf3 Kh7 53.Be4+ Kh8 54.Kg6 Ne7+ 55.Kf7 Ng8 56.h3 Nh6+ 57.Kg6 Ng8
58.Bf5 Ne7+ 59.Kg5 Nd5 60.Be6 Nxf4 61.Kxf4 Kh7 62.Kg5 Kh8 63.Bf5 Kg8 64.Kg6 Kh8
65.Bd7 Kg8 66.Be8 Kh8 67.Bc6 Kg8 68.Bf3 Kh8 69.Kf7 Kh7 70.Kf8 Kh8 71.Bg4 Kh7
72.Bf5+ Kh8 73.Be4 g5 74.Bd5 Kh7 75.h6 Kh8 76.Be6 Kh7 77.Bf5+ Kh8 78.h7 g4
79.hxg4  1/2-1/2

[Event "9th Prague Festival IM"]
[Site "Prague CZE"]
[Date "2013.06.30"]
[Round "9.1"]
[White "Plischki,S"]
[Black "Straka,V"]
[Result "1-0"]
[WhiteElo "2386"]
[BlackElo "2336"]

1.d4 Nf6 2.c4 e6 3.Nf3 Bb4+ 4.Bd2 Qe7 5.g3 Nc6 6.Nc3 Bxc3 7.Bxc3 Ne4 8.Rc1 d6
9.d5 Nxc3 10.Rxc3 Nb8 11.dxe6 fxe6 12.Bg2 O-O 13.Nd4 c6 14.O-O Nd7 15.b4 Nf6
16.b5 e5 17.Nc2 cxb5 18.cxb5 Be6 19.Ne3 Rac8 20.Qd2 Rxc3 21.Qxc3 Rc8 22.Qa3 Rc5
23.Qxa7 Rxb5 24.a4 Rb2 25.a5 Kf7 26.Rd1 e4 27.Qd4 Rxe2 28.Nf5 Bxf5 29.Qc4+ d5
30.Qxe2 Bg4 31.f3 exf3 32.Qxe7+ Kxe7 33.Rb1 Bc8 34.Bxf3 Kd6 35.Kf2 Ne8 36.Ke3 Nc7
37.Be2 Ne8 38.Kd4 Nf6 39.Bf3  1-0

[Event "Visma GM 2013"]
[Site "Vaxjo SWE"]
[Date "2013.06.30"]
[Round "8.2"]
[White "Sipila,V"]
[Black "Miezis,N"]
[Result "1/2-1/2"]
[WhiteElo "2411"]
[BlackElo "2548"]

1.d4 Nf6 2.c4 e6 3.Nf3 Bb4+ 4.Bd2 c5 5.Bxb4 cxb4 6.e3 O-O 7.Bd3 d6 8.O-O Qe7
9.Nbd2 e5 10.Ne4 Nxe4 11.Bxe4 Nd7 12.Bf5 Nb6 13.Bxc8 Raxc8 14.b3 Nd7 15.dxe5 dxe5
16.Qd5 Rc7 17.Rfd1 Re8 18.Qd6 Qxd6 19.Rxd6 f6 20.a3 bxa3 21.Nd2 b5 22.cxb5 Rb8
23.Rc6 Rcb7 24.Rxa3 Rxb5 25.h4 a5 26.Nc4 Rxb3 27.Rxa5 h5 28.Nd6 R3b6 29.Rxb6 Rxb6
30.Nf5 g6  1/2-1/2

[Event "TCh-MNE Prem 2013"]
[Site "Cetinje MNE"]
[Date "2013.07.01"]
[Round "8.2"]
[White "Blagojevic,Dr"]
[Black "Pikula,D"]
[Result "1/2-1/2"]
[WhiteElo "2524"]
[BlackElo "2482"]

1.d4 Nf6 2.c4 e6 3.Nf3 Bb4+ 4.Bd2 a5 5.g3 d5 6.Qc2 dxc4 7.Qxc4 Nc6 8.Nc3 O-O
9.Bg2 e5 10.d5 Bxc3 11.Bxc3 Qxd5 12.Qxd5  1/2-1/2

[Event "4th AIMAG Men"]
[Site "Incheon KOR"]
[Date "2013.07.01"]
[Round "2.12"]
[White "Ghaem Maghami,E"]
[Black "Filippov,An UZB"]
[Result "1/2-1/2"]
[WhiteElo "2554"]
[BlackElo "2644"]

1.d4 Nf6 2.c4 e6 3.Nf3 Bb4+ 4.Bd2 Qe7 5.g3 Nc6 6.Nc3 Bxc3 7.Bxc3 Ne4 8.Rc1 Nxc3
9.Rxc3 d6 10.d5 Nb8 11.Bg2 O-O 12.dxe6 fxe6 13.c5 d5 14.O-O Nc6 15.Nd4 Nxd4
16.Qxd4 c6 17.f4 Bd7 18.e4 b6 19.Re1 bxc5 20.Qxc5 Qxc5+ 21.Rxc5 Rfd8 22.b4 Kf8
23.Ra5 Rab8 24.a3 Rb7 25.Kf2 h6 26.Ke3 Be8 27.exd5 exd5 28.Kd4 Rdd7 29.Rc5 Re7
30.Rcc1 Rxe1 31.Rxe1 a5 32.Kc3  1/2-1/2

[Event "Avoin SM 2013"]
[Site "Naantali FIN"]
[Date "2013.07.02"]
[Round "2.1"]
[White "Valkama,Eero"]
[Black "Kiik,K"]
[Result "0-1"]
[WhiteElo "1881"]
[BlackElo "2446"]

1.d4 Nf6 2.Nf3 e6 3.c4 Bb4+ 4.Bd2 Qe7 5.e3 Nc6 6.Bd3 d6 7.O-O Bxd2 8.Nbxd2 O-O
9.e4 e5 10.d5 Nb8 11.Ne1 a5 12.a3 Na6 13.Rb1 Bg4 14.f3 Bd7 15.b4 axb4 16.axb4 c6
17.Nc2 Nh5 18.Rf2 Qg5 19.Kh1 Qh6 20.Nf1 Nf4 21.Ng3 cxd5 22.cxd5 Nc7 23.Ne3 Nh3
24.Re2 Qxe3 25.Rxe3 Nf2+ 26.Kg1 Nxd1 27.Rxd1 g6 28.Rc1 Rfc8 29.Ne2 Ra4 30.Rb1 Ne8
31.Kf2 f5 32.f4 Nf6 33.h3 fxe4 34.Bxe4 Nxe4+ 35.Rxe4 Bf5 36.Ng3 Ra2+ 37.Kf1 Bxe4
38.Nxe4 Rf8  0-1

[Event "41st TCh-GRE"]
[Site "Rio (Achaia) GRE"]
[Date "2013.07.02"]
[Round "1.4"]
[White "Skembris,S"]
[Black "Gratseas,S"]
[Result "1-0"]
[WhiteElo "2458"]
[BlackElo "2133"]

1.d4 Nf6 2.c4 e6 3.Nf3 Bb4+ 4.Bd2 Qe7 5.g3 O-O 6.Bg2 Bxd2+ 7.Qxd2 d6 8.Nc3 e5
9.O-O Nbd7 10.Rac1 c6 11.e4 Re8 12.Rfe1 b6 13.Rcd1 Bb7 14.Nh4 g6 15.Qg5 Kh8
16.dxe5 dxe5 17.Re3 Ng8 18.Qxe7 Rxe7 19.Bh3 Nf8 20.Rd6 Kg7 21.c5 Nf6 22.Red3 b5
23.f3 Ne8 24.Rd8 Rxd8 25.Rxd8 Nc7 26.b4 Nce6 27.Bxe6 Nxe6 28.Rd6 Nd4 29.a3 Bc8
30.f4 f6 31.Kg2 Rd7 32.Rxd7+ Bxd7 33.Nf3 Nxf3 34.Kxf3 h5 35.h4 Be6 36.Ke3 Kf7
37.Nd1 Bc4 38.Kf3 Bb3 39.Ne3 Ba2 40.g4 hxg4+ 41.Nxg4 exf4 42.Kxf4 Be6 43.Nh2 Bd7
44.Nf3 Kg7 45.Nd4 Kh6 46.e5 g5+ 47.hxg5+ fxg5+ 48.Ke4 Kh5 49.e6 Be8 50.Nf5 Bg6
51.e7 Kg4 52.Ke5  1-0

[Event "41st TCh-GRE"]
[Site "Rio (Achaia) GRE"]
[Date "2013.07.02"]
[Round "1.9"]
[White "Hadolias,Mihail"]
[Black "Dalianis,Georgios"]
[Result "0-1"]
[WhiteElo "1516"]
[BlackElo "1504"]

1.d4 Nf6 2.c4 e6 3.Nf3 Bb4+ 4.Bd2 Qe7 5.a3 Bxd2+ 6.Nbxd2 O-O 7.g3 d6 8.Bg2 e5
9.e3 Bg4 10.Qc2 Nc6 11.O-O h6 12.d5 Nb8 13.e4 a5 14.b4 Nbd7 15.h3 Bxf3 16.Nxf3 Ra7
17.Nh4 g6 18.Kh1 Rfa8 19.b5 b6 20.Rae1 Nh5 21.Kh2 Rf8 22.Bf3 Ng7 23.Bd1 g5
24.Nf5 Nxf5 25.exf5 Raa8 26.f4 f6 27.h4 gxh4 28.gxh4 Kh8 29.Bh5 Rg8 30.Bg6 Nf8
31.fxe5 dxe5 32.h5 Qxa3 33.Qd2 Kg7 34.Rg1 Nh7 35.Bxh7+ Kxh7 36.Rg6 Rxg6 37.fxg6+ Kg7
38.Qf2 Qd6 39.Kh1 a4 40.Re2 a3 41.Kg2 Ra4 42.Rc2 Rxc4 43.Kf1  0-1

[Event "41st TCh-GRE"]
[Site "Rio (Achaia) GRE"]
[Date "2013.07.02"]
[Round "1.1"]
[White "Brunello,S"]
[Black "Papaioannou,I"]
[Result "1/2-1/2"]
[WhiteElo "2593"]
[BlackElo "2619"]

1.d4 Nf6 2.c4 e6 3.Nf3 Bb4+ 4.Bd2 Qe7 5.g3 Nc6 6.Nc3 O-O 7.Bg2 Na5 8.b3 b6
9.Ne5 Bb7 10.Bxb7 Nxb7 11.O-O c5 12.a3 Ba5 13.e3 Rfc8 14.Qf3 Nd8 15.Rfc1 d6
16.Nd3 Nc6 17.Qd1 cxd4 18.exd4 Bxc3 19.Bxc3 d5 20.c5 Ne4 21.Bb2 Rab8 22.f3 Nf6
23.b4 bxc5 24.dxc5 d4 25.f4 Nd5 26.Ne5 Nxe5 27.fxe5 a5 28.Bxd4 axb4 29.axb4 Nxb4
30.Bf2 Nc6 31.Qe2 h6 32.Ra6 Qg5 33.Re1 Qf5 34.Rb6 Ra8 35.Kg2 Ne7 36.Rb7 Nc6
37.Qe4 Qxe4+ 38.Rxe4 Ra2 39.Rd7 Rb8 40.Kf3 Rb3+ 41.Be3 Rc2 42.Kg4 Rb4 43.Rxb4 Nxe5+
44.Kf4 Nxd7 45.Rb5 f6 46.Ke4 Rc4+ 47.Kd3 Ne5+ 48.Kd2 g5 49.Rb7 f5 50.h3 f4
51.gxf4 gxf4 52.Bf2 Kf8 53.Bh4 f3 54.Be7+ Kf7 55.Bd6+ Kf6 56.Ke3 Rc3+ 57.Kd4 Rc4+
58.Ke3 h5 59.Rb5 Nc6 60.Rb2 Ne5 61.Rb5 Nc6 62.Rb2 Kf5 63.Kxf3 e5 64.Kg3 Nd4
65.Rf2+ Ke6 66.Kh4 e4 67.Kxh5 e3 68.Rf8 e2 69.Bg3 Rxc5+  1/2-1/2

[Event "IsBank TCh-TUR 2013"]
[Site "Denizli TUR"]
[Date "2013.07.04"]
[Round "7.5"]
[White "Erden,K"]
[Black "Kinsiz,O"]
[Result "0-1"]
[WhiteElo "2232"]
[BlackElo "2224"]

1.d4 Nf6 2.Nf3 e6 3.c4 Bb4+ 4.Bd2 Qe7 5.Nc3 b6 6.g3 Bb7 7.Bg2 O-O 8.O-O d6
9.Qc2 Bxc3 10.Bxc3 Be4 11.Qc1 Nbd7 12.b4 c5 13.dxc5 bxc5 14.Rd1 Rac8 15.b5 d5
16.Qa3 Nb6 17.cxd5 Nfxd5 18.Ne5 Bxg2 19.Kxg2 Qb7 20.Kg1 Na4 21.Bd2 Qxb5 22.e4 Ndb6
23.Qb3 Qe2 24.Be3 c4 25.Qb4 c3 26.Re1 Qb2 27.Qe7 c2 28.Nf3 Nc3 29.Bd4 Ne2+
30.Rxe2 Qxa1+ 31.Bxa1 c1=Q+ 32.Re1 Qc7 33.Qh4 f6 34.e5 Qc4 35.Bd4 f5 36.Qh5 Qd5
37.Bxb6 axb6 38.Ng5 h6 39.Nh3 Qd2 40.Re3 Rc1+ 41.Kg2 Qd5+ 42.Qf3 Qxf3+ 43.Rxf3 g5
44.Rb3 Rc6 45.Ng1 Ra8 46.a3 Ra4 47.Nf3 Re4 48.Rd3 Kf7 49.h3 Ke7 50.h4 g4
51.Nd4 Rc5 52.f4 Rc4 53.Nb5 Re2+ 54.Kf1 Rec2 55.Ke1 Rc5 56.Kd1 Rc1+ 57.Kd2 R5c2+
58.Ke3 Re1+  0-1

[Event "41st TCh-GRE"]
[Site "Rio (Achaia) GRE"]
[Date "2013.07.04"]
[Round "4.1"]
[White "Zysk,R"]
[Black "Balogh,C"]
[Result "1/2-1/2"]
[WhiteElo "2424"]
[BlackElo "2647"]

1.d4 Nf6 2.c4 e6 3.Nf3 Bb4+ 4.Bd2 c5 5.Bxb4 cxb4 6.Nbd2 O-O 7.e3 d6 8.Qc2 b6
9.Bd3 Bb7 10.O-O Nbd7 11.a3 bxa3 12.Rxa3 Qc7 13.b4 a6 14.Rc1 Rac8 15.Rc3 g6
16.h3 Rfe8 17.Qb1 e5 18.dxe5 dxe5 19.Ne4 Bxe4 20.Bxe4 a5 21.bxa5 Nxe4 22.Qxe4 Nc5
23.Qc2 bxa5 24.Ra3 Rb8 25.Nd2 Red8 26.Ne4 Nxe4 27.Qxe4 Rd2 28.Rd3 Rxd3 29.Qxd3 Qc5
30.Qd5 Qxd5 31.cxd5 a4 32.d6 Kf8 33.Rc4 Ra8 34.d7 Rd8 35.Rxa4  1/2-1/2

[Event "Avoin SM 2013"]
[Site "Naantali FIN"]
[Date "2013.07.05"]
[Round "7.9"]
[White "Nikolakaros,Kimon"]
[Black "Demidov,Jan"]
[Result "1/2-1/2"]
[WhiteElo "1915"]
[BlackElo "1913"]

1.d4 Nf6 2.c4 e6 3.Nf3 Bb4+ 4.Bd2 Qe7 5.Nc3 O-O 6.Qc2 d5 7.e3 b6 8.Rc1 Bb7
9.Bd3 Nbd7 10.a3 Bxc3 11.Bxc3 c5 12.cxd5 Bxd5 13.O-O Bxf3 14.gxf3 e5 15.dxc5 Nxc5
16.Be2 Rac8 17.Qf5 Nfd7 18.Kh1 Qf6 19.Qxf6 gxf6 20.Rfd1  1/2-1/2

[Event "IsBank TCh-TUR 2013"]
[Site "Denizli TUR"]
[Date "2013.07.06"]
[Round "9.4"]
[White "Bayram,Y"]
[Black "Markus,Rob"]
[Result "0-1"]
[WhiteElo "2271"]
[BlackElo "2611"]

1.d4 Nf6 2.c4 e6 3.Nf3 Bb4+ 4.Bd2 Qe7 5.g3 Nc6 6.Bg2 Bxd2+ 7.Nbxd2 a5 8.O-O d6
9.e4 e5 10.d5 Nb8 11.Ne1 h5 12.Nd3 h4 13.c5 hxg3 14.hxg3 dxc5 15.Nc4 b5 16.Ndxe5 bxc4
17.Nxc4 Bh3 18.e5 Bxg2 19.Kxg2 Nfd7 20.Qg4 Ra6 21.d6 cxd6 22.Rh1 Rg8 23.exd6 Qf6
24.Rad1 Kd8 25.Qe4 Nc6 26.Rhe1 Kc8 27.f4 g5 28.Ne5 Ncxe5 29.fxe5 Qe6 30.Rd5 Kb8
31.b3 Rb6 32.Rdd1 Ka7 33.Rc1 Rh8 34.Rc4 Qh3+ 35.Kf3 Rh4 36.Qd3 Rb4 37.Rxb4 Rxb4
38.Kf2 Qh2+ 39.Kf1 Qh1+ 40.Kf2 Qh2+ 41.Kf1 Qxa2 42.Qf5 Rb7 43.Qxf7 Nxe5 44.Qf5 Rf7
45.Qxf7+ Nxf7 46.Re7+ Kb6 47.Rxf7 Qxb3  0-1

[Event "IsBank TCh-TUR 2013"]
[Site "Denizli TUR"]
[Date "2013.07.06"]
[Round "9.2"]
[White "Sanikidze,T"]
[Black "Arutinian,D"]
[Result "1/2-1/2"]
[WhiteElo "2553"]
[BlackElo "2543"]

1.d4 Nf6 2.c4 e6 3.Nf3 Bb4+ 4.Bd2 Bxd2+ 5.Qxd2 d5 6.g3 Nbd7 7.Bg2 c6 8.b3 b6
9.O-O O-O 10.a4 a5 11.cxd5 cxd5 12.Na3 Ba6 13.Rfc1 Rc8 14.e3 Ne4 15.Qe1 Rxc1
16.Rxc1 Qb8 17.Bf1  1/2-1/2

[Event "Klatov Open A 2013"]
[Site "Klatovy CZE"]
[Date "2013.07.06"]
[Round "8.25"]
[White "Cecil,P"]
[Black "Litvinova,O"]
[Result "1/2-1/2"]
[WhiteElo "1962"]
[BlackElo "1691"]

1.d4 Nf6 2.c4 e6 3.Nf3 Bb4+ 4.Bd2 Bxd2+ 5.Qxd2 b6 6.Nc3 Bb7 7.d5 d6 8.e4 Nbd7
9.Bd3 Nc5 10.b4 Nxd3+ 11.Qxd3 Nd7 12.O-O O-O 13.Nd4 exd5 14.exd5 Ne5 15.Qe2 Re8
16.f4 Nd7 17.Qd3 Nf6 18.Rae1 a5 19.b5 Rxe1 20.Rxe1 Nh5 21.Qe3 g6 22.f5 Ng7
23.g4 Qh4 24.h3 Re8 25.Ne4 Bc8 26.f6 Nh5 27.gxh5 Bxh3 28.Re2 Qxh5 29.Qg5 Re5
30.Qxh5 gxh5 31.Nf2 Rxe2 32.Nxe2 Bf5 33.Nc3 h6 34.Kg2 h4 35.Kf3 Kh7 36.Nce4 Kg6
37.Kf4 h3 38.a3 h5 39.Ng3 Bc2 40.Nge4 h2 41.Nh1 Bd3 42.Nd2 Kxf6 43.Ke3 Bg6
44.Nf3 Kf5 45.Nxh2 Kg5 46.Nf2 f6 47.Nf3+ Kh6 48.Kf4 Bc2 49.Nd2 Kg6 50.Nh3 Bd1
51.Ng1 f5 52.Ngf3 Bc2 53.Nd4 Bd3 54.Ne6 h4 55.Nxc7 h3 56.Kg3 f4+ 57.Kxh3 Kf5
58.Kg2 Ke5 59.Kf3 Kd4 60.Kxf4 Bxc4 61.Nxc4 Kxc4 62.Ke4 a4 63.Ke3 Kc3 64.Ke2 Kb3
65.Na8 Kc4 66.Nxb6+ Kxb5 67.Nd7 Kc4 68.Nf6 Kb3 69.Ne4 Kxa3 70.Nxd6 Kb4 71.Ne4 a3
72.d6 a2  1/2-1/2

[Event "6th ch-Cent SRB Int 2013"]
[Site "Paracin SRB"]
[Date "2013.07.06"]
[Round "2.23"]
[White "Ratkovic,Miloj"]
[Black "Nestorovic,De"]
[Result "0-1"]
[WhiteElo "2258"]
[BlackElo "2411"]

1.d4 Nf6 2.c4 e6 3.Nf3 Bb4+ 4.Bd2 a5 5.g3 b6 6.Bg2 Bb7 7.O-O O-O 8.Bf4 Be7
9.Nc3 Ne4 10.Qc2 Nxc3 11.Qxc3 d6 12.Rad1 Nd7 13.Rfe1 Nf6 14.Qc2 Be4 15.Qc1 Qb8
16.Bf1 c5 17.dxc5 bxc5 18.Nd2 Bc6 19.Nb1 Ra6 20.Nc3 Rb6 21.a4 Ba8 22.Nb5 Qb7
23.f3 d5 24.Bd2 d4 25.Bxa5 Ra6 26.Qd2 Ne4 27.Qd3 Rxa5 28.Qxe4 Qxe4 29.fxe4 Rxa4
30.e3 Ra2 31.exd4 cxd4 32.b3 e5 33.Ra1 Rxa1 34.Rxa1 Bxe4 35.Re1 f5 36.Bg2 Bb4
37.Bxe4 Bxe1 38.Bd5+ Kh8 39.c5 d3 40.Kf1 Bb4 41.c6 e4 42.Bc4 g6 43.c7 Ba5
44.b4 Bxc7  0-1